Who's a Brawl Stars esports player? - Sudden Death - Statistics

General Stats
  • This quiz has been taken 205 times
  • The average score is 10 of 16
Answers on the Grid
Answers color-coded by a green-red scale on the quiz's grid according to % correct below.
White
Moyagoku
Milkreo
Faker
Gumayusi
Secondbest
Rekkles
Aspas
Jubileu
Boaster
Symantec
Ikaoss
LeNain
Patchy
Meiko
Uzi
Fleta
Angelboy
Shu
Pekka
Juan Carlos
Showmaker
Caps
Chovy
Killer
Stardragon
Sitetampo
Canyon
Armada
Zen
 
Answer Stats
Answer % Correct
Juan Carlos
82%
Symantec
79%
LeNain
77%
Secondbest
75%
Ikaoss
74%
Angelboy
73%
Milkreo
73%
Sitetampo
72%
Patchy
68%
Pekka
63%
Moyagoku
62%
Shu
57%
Jubileu
45%
Killer
32%
White
29%
Stardragon
17%
No matching quizzes found
Score Distribution
Percent of People with Each Score
Percentile by Number Answered
Your Score History
You have not taken this quiz